Derecho del trabajo (Registro nro. 6204)
[ vista simple ]
| 000 -LEADER | |
|---|---|
| fixed length control field | 04485 a2200493 4500 |
| 001 - CONTROL NUMBER | |
| control field | 57423 |
| 005 - DATE AND TIME OF LATEST TRANSACTION | |
| control field | 20260407155836.0 |
| 008 - FIXED-LENGTH DATA ELEMENTS--GENERAL INFORMATION | |
| fixed length control field | 260407a2016 arg spa d |
| 003 - CONTROL NUMBER IDENTIFIER | |
| control field | AR-UNSa-BCEJYS |
| 040 ## - CATALOGING SOURCE | |
| Original cataloging agency | AR-UNSa-BCEJYS |
| Language of cataloging | spa |
| Transcribing agency | AR-UNSa-BCEJYS |
| 080 ## - UNIVERSAL DECIMAL CLASSIFICATION NUMBER | |
| Universal Decimal Classification number | 349.2 |
| Common auxiliary subdivision | Derecho del Trabajo |
| 020 ## - INTERNATIONAL STANDARD BOOK NUMBER | |
| International Standard Book Number | 978-9974-745-03-2 |
| 041 ## - LANGUAGE CODE | |
| Language code of text/sound track or separate title | spa |
| 100 1# - MAIN ENTRY--PERSONAL NAME | |
| Personal name | Duarte, David |
| 245 10 - TITLE STATEMENT | |
| Title | Derecho del trabajo |
| Name of part/section of a work | un estudio sobre las implicancias del nuevo Código Civil y Comercial desde una perspectiva crítica |
| 264 #1 - PRODUCTION, PUBLICATION, DISTRIBUTION, MANUFACTURE, AND COPYRIGHT NOTICE | |
| Place of production, publication, distribution, manufacture | Montevideo : |
| Name of producer, publisher, distributor, manufacturer | B de F |
| Date of production, publication, distribution, manufacture, or copyright notice | 2016 |
| 300 ## - PHYSICAL DESCRIPTION | |
| Extent | xix, 417 p. |
| Dimensions | 23 cm. |
| 505 ## - FORMATTED CONTENTS NOTE | |
| Formatted contents note | 1. Algunas pocas viñetas en torno de la precariedad laboral / Tomás Raffo - 2.2. Estrategias empresariales en la era de globalización .Tercerización y repuestas de los trabajadores / Daniel Ximenez Sáez – 3.La tercerización como estrategia de reformulación de las formulación de las relaciones laborales / Victoria Basualdo y Alejandra Esponda – 4. Principio de interpretación y aplicación de la constitución y normales internacionales de los derechos humanos. Principios del derecho de trabajo y justicia social / David Duarte – 5. La interpretación de la norma laboral en el derecho argentino / Antonio Barrera Nicholson – 6. Fuentes del derecho del trabajo / Enrique Mario Rozenberg – 7. Personas jurídicas en la relación laboral y el código civil y comercial / Cesar Arese – 8. El trabajo de las personas menores y sus relaciones familiares en el código civil y comercial en conjunción con las normas laborales /Liliana Hebe Litterio – 9. El trabajo infantil y adolecente y la incidencia de la reforma del código civil y comercial de la nación / María Martha Terrango – 10. La inoponibilidad de la personalidad jurídica en el derecho de trabajo tras la reforma del código civil (Actual código civil y comercial de la nación) / Diana R. Cañal – 11.Una teoría general especifica de las obligaciones laborales y el nuevo código civil y comercial unificado (una visión algo cinéfila) / Mario Elffman - 12. El nuevo código Civil y comercial y su incidencia en la corrosión del derecho de trabajo .El caso particular de los contratos de suministro, obra y servicios / Guillermo E. Pérez Crespo – 13. Los contratos asociados en el nuevo código civil y comercial en relación a los derechos de los trabajadores. La historia inacabada de la insolidaridad empresaria / Guillemo Pajoni – 14. El agente como figura legal fraudulento en el nuevo código civil y comercial /Leonardo Elgorriaga – 15. Los contratos de concesión y franquicias en el código civil y comercial .Sus relaciones con el derecho de trabajo / Antonio J. Barrera Nicholson – 16.El fideicomiso en el nuevo código civil y comercial y en marco de relaciones laborales / Hugo Roberto Mansueti – 17. La protección del crédito laboral mediante el régimen de privilegios en el nuevo código civil y comercial / Gabriela Fernanda Boquin – 18.El deber de prevención del daño,la acción preventiva(art 1710 y 1711,CC YC), y sus aplicaciones en el mundo laboral / Luis Enrique Ramirez – 19. Las fundaciones (Preventiva y resarcitoria) de la responsabilidad civil en el nuevo código y su influencia en materia de daño laboral / Juan J.Formaro – 20.Los daños punitivos en el ámbito del derecho laboral Daniel Favier – 21.La responsabilidad del estado en el nuevo código civil y comercial de la nación / Horacio Ricardo Gonzalez Matias Cremonte y Alexis Barraza. |
| 590 ## - LOCAL NOTE (RLIN) | |
| Local note | niveau_biblio:m niveau_hierar:0 |
| 700 1# - ADDED ENTRY--PERSONAL NAME | |
| Personal name | Raffo, Tomás |
| 700 1# - ADDED ENTRY--PERSONAL NAME | |
| Personal name | Ximénez Sáez, Daniel |
| 700 1# - ADDED ENTRY--PERSONAL NAME | |
| Personal name | Basualdo, Victoria |
| 700 1# - ADDED ENTRY--PERSONAL NAME | |
| Personal name | Esponda, Alejandra |
| 700 1# - ADDED ENTRY--PERSONAL NAME | |
| Personal name | Barrera Nicholson, Antonio J. |
| 700 1# - ADDED ENTRY--PERSONAL NAME | |
| Personal name | Rozenberg, Enrique Mario |
| 700 1# - ADDED ENTRY--PERSONAL NAME | |
| Personal name | Arese, César |
| 700 1# - ADDED ENTRY--PERSONAL NAME | |
| Personal name | Litterio, Liliana Hebe |
| 700 1# - ADDED ENTRY--PERSONAL NAME | |
| Personal name | Terragno, María Martha |
| 700 1# - ADDED ENTRY--PERSONAL NAME | |
| Personal name | Cañal, Diana R. |
| 700 1# - ADDED ENTRY--PERSONAL NAME | |
| Personal name | Elffman, Mario |
| 700 1# - ADDED ENTRY--PERSONAL NAME | |
| Personal name | Pérez Crespo, Guillermo E. |
| 700 1# - ADDED ENTRY--PERSONAL NAME | |
| Personal name | Pajoni, Guillermo |
| 700 1# - ADDED ENTRY--PERSONAL NAME | |
| Personal name | Elgorriaga, Leonardo |
| 700 1# - ADDED ENTRY--PERSONAL NAME | |
| Personal name | Mansueti, Hugo Roberto |
| 700 1# - ADDED ENTRY--PERSONAL NAME | |
| Personal name | Boquin, Gabriela Fernanda |
| 700 1# - ADDED ENTRY--PERSONAL NAME | |
| Personal name | Ramírez, Luis Enrique |
| 700 1# - ADDED ENTRY--PERSONAL NAME | |
| Personal name | Formaro, Juan J. |
| 700 1# - ADDED ENTRY--PERSONAL NAME | |
| Personal name | Favier, Daniela |
| 700 1# - ADDED ENTRY--PERSONAL NAME | |
| Personal name | González, Horacio Ricardo |
| 700 1# - ADDED ENTRY--PERSONAL NAME | |
| Personal name | Cremonte, Matías |
| 700 1# - ADDED ENTRY--PERSONAL NAME | |
| Personal name | Barraza, Mario Alexis |
| 856 41 - ELECTRONIC LOCATION AND ACCESS | |
| Uniform Resource Identifier | <a href="https://biblioeco.unsa.edu.ar/pmb/images/libros/L128777.jpg">https://biblioeco.unsa.edu.ar/pmb/images/libros/L128777.jpg</a> |
| Link text | Imagen de portada |
| Electronic format type | image/jpeg |
| 942 ## - ADDED ENTRY ELEMENTS (KOHA) | |
| Koha item type | |
| Withdrawn status | Lost status | Damaged status | Not for loan | Home library | Current library | Shelving location | Date acquired | Total checkouts | Full call number | Barcode | Date last seen | Price effective from | Koha item type |
|---|---|---|---|---|---|---|---|---|---|---|---|---|---|
| Biblioteca Prof. Eusebio Cleto del Rey | Biblioteca Prof. Eusebio Cleto del Rey | 07/04/2026 | 349.2 D812 | L128777 | 07/04/2026 | 07/04/2026 | Libro | ||||||
| Biblioteca Prof. Eusebio Cleto del Rey | Biblioteca Prof. Eusebio Cleto del Rey | 07/04/2026 | 349.2 D812 | L128778 | 07/04/2026 | 07/04/2026 | Libro |